| 000 | 00490nam a2200181 u 4500 | ||
|---|---|---|---|
| 005 | 20240911064724.0 | ||
| 008 | 090624s2004 ag r 000 0 spa d | ||
| 020 | _a9879452194 | ||
| 035 | _aUPN01000171440 | ||
| 049 | _aCG | ||
| 050 | 4 |
_aHM258 _bA5.2 |
|
| 100 | 1 | _aAndrada, Ana | |
| 245 | 1 | 0 |
_aComunicación social / _cAna Andrada. |
| 260 |
_aCórdoba, Arg. : _bBrujas, _c[200-?]. |
||
| 300 |
_a97 p. : _bcuadros |
||
| 650 | 7 |
_aComunicación _xAspectos sociales _2 _96056 |
|
| 905 | _aLibro | ||
| 999 |
_c143545 _d143545 |
||